Kerala ki sanskriti par kerala ki lokgeethom ka prabhav/ (Record no. 23824)

000 -LEADER
fixed length control field 00469nam a22001691a 4500
082 ## - DEWEY DECIMAL CLASSIFICATION NUMBER
Classification number H 398.209 548 3
Item number ELA/K
100 ## - MAIN ENTRY--AUTHOR NAME
Personal name Elayidom N R
245 ## - TITLE STATEMENT
Title Kerala ki sanskriti par kerala ki lokgeethom ka prabhav/
Statement of responsibility, etc by Elayidom N R
260 ## - PUBLICATION, DISTRIBUTION, ETC. (IMPRINT)
Place of publication Mathura:
Name of publisher Jawahar Pustakalaya,
Year of publication 1991.
300 ## - PHYSICAL DESCRIPTION
Number of Pages 238p.
650 ## - SUBJECT ADDED ENTRY--TOPICAL TERM
Topical Term Folklore
650 ## - SUBJECT ADDED ENTRY--TOPICAL TERM
Topical Term Folk Literature
650 ## - SUBJECT ADDED ENTRY--TOPICAL TERM
Topical Term Folk Songs Study
650 ## - SUBJECT ADDED ENTRY--TOPICAL TERM
Topical Term Folklore Culture Hindi
650 ## - SUBJECT ADDED ENTRY--TOPICAL TERM
Topical Term Social Sciences
942 ## - ADDED ENTRY ELEMENTS (KOHA)
Koha item type Book
Holdings
Withdrawn status Lost status Damaged status Not for loan Permanent Location Current Location Shelving location Date acquired Cost, normal purchase price Full call number Accession Number Cost, replacement price Price effective from Koha item type
        Sree Sankaracharya University of Sanskrit Sree Sankaracharya University of Sanskrit Binding 08.01.2015 100.00 H 398.209 548 3 ELA/K 034537 0.00 08.01.2015 Book